[Event "EST-ch (Women)"]
[Site "Puhajarve"]
[Date "2001.08.11"]
[Round "4"]
[White "Bashkite, Viktoria"]
[Black "Ranniku, Maaja"]
[Result "1-0"]
[WhiteElo "2065"]
[BlackElo "2097"]
[PlyCount "61"]
[EventDate "2001.08.08"]
[EventType "tourn"]
[EventRounds "7"]
[EventCountry "EST"]
[SourceTitle "EXT 2002"]
[Source "ChessBase"]
[SourceDate "2001.11.25"]
[SourceVersion "1"]
[SourceVersionDate "2001.11.25"]
[SourceQuality "1"]

1. Nf3 Nf6 2. g3 b5 3. Bg2 Bb7 4. 0-0 e6 5. d3 Be7 6. c4 a6 7. Qc2 0-0 8. Bf4 c5 9. cxb5 axb5 10. d4 d6 11. dxc5 dxc5 12. Nc3 Qa5 13. a4 b4 14. Nb5 Be4 15. Qc1 Nbd7 16. Rd1 Rfc8 17. Nd2 Bxg2 18. Kxg2 Qd8 19. Nc4 Qf8 20. b3 h6 21. h4 Ra6 22. e4 e5 23. Bxe5 Nxe5 24. Nxe5 Nxe4 25. Qe3 Nf6 26. Qf3 Re6 27. Qf5 Qe8 28. Nc4 g6 29. Qf3 Ne4 30. Re1 Qc6 31. Na7 1-0

[Event "EST-ch (Women)"]
[Site "Puhajarve"]
[Date "2001.08.10"]
[Round "3"]
[White "Ranniku, Maaja"]
[Black "Tsiganova, Monika"]
[Result "0-1"]
[WhiteElo "2097"]
[BlackElo "2266"]
[PlyCount "118"]
[EventDate "2001.08.08"]
[EventType "tourn"]
[EventRounds "7"]
[EventCountry "EST"]
[SourceTitle "EXT 2002"]
[Source "ChessBase"]
[SourceDate "2001.11.25"]
[SourceVersion "1"]
[SourceVersionDate "2001.11.25"]
[SourceQuality "1"]

1. e4 c5 2. Nf3 Nc6 3. Nc3 d6 4. Bb5 Bd7 5. 0-0 e6 6. Re1 Nge7 7. a4 a6 8. Bf1 Nd4 9. Nxd4 cxd4 10. Ne2 Nc6 11. c3 Qf6 12. d3 Be7 13. Qb3 dxc3 14. bxc3 Ne5 15. Nd4 0-0 16. a5 Ng4 17. Nf3 Bc6 18. Bg5 Qxg5 19. Nxg5 Bxg5 20. h3 Nf6 21. g3 Nd7 22. Bg2 Rac8 23. f4 Be7 24. d4 Rc7 25. f5 e5 26. h4 Rfc8 27. Rac1 Bb5 28. Qb2 Bf6 29. Kh2 h6 30. Qd2 Kh7 31. Bf1 Bxf1 32. Rxf1 Rc4 33. Kh3 R8c6 34. d5 Rc7 35. Qe2 Rxc3 36. Rxc3 Rxc3 37. Qd2 Rc4 38. Qe2 Ra4 39. Re1 Nc5 40. Qd2 Bd8 41. Qb2 Bxa5 42. Ra1 Rb4 43. Qe2 b6 44. Qh5 Kg8 45. f6 gxf6 46. Qxh6 Rb3 47. Qh5 Kf8 48. Qf5 Re3 49. Qxf6 Rxg3+ 50. Kh2 Nxe4 51. Qh8+ Rg8 52. Qh6+ Ke7 53. Qe3 Nf6 54. Qe2 Nxd5 55. Qxa6 Rh8 56. Kg3 Rg8+ 57. Kf3 f5 58. Qc4 e4+ 59. Ke2 Rg2+ 0-1

[Event "EST-ch (Women)"]
[Site "Puhajarve"]
[Date "2001.08.08"]
[Round "1"]
[White "Ranniku, Maaja"]
[Black "Fomina, Tatyana"]
[Result "0-1"]
[WhiteElo "2097"]
[BlackElo "2269"]
[PlyCount "136"]
[EventDate "2001.08.08"]
[EventType "tourn"]
[EventRounds "7"]
[EventCountry "EST"]
[SourceTitle "EXT 2002"]
[Source "ChessBase"]
[SourceDate "2001.11.25"]
[SourceVersion "1"]
[SourceVersionDate "2001.11.25"]
[SourceQuality "1"]

1. b3 d5 2. Bb2 Bf5 3. e3 e6 4. c4 Nf6 5. Nf3 Bd6 6. Nh4 Bg6 7. Nxg6 hxg6 8. h3 Nbd7 9. a3 c6 10. Be2 Qe7 11. 0-0 e5 12. d3 e4 13. d4 dxc4 14. bxc4 Bc7 15. Nc3 Qd6 16. f4 exf3 17. Rxf3 g5 18. e4 Qh2+ 19. Kf1 g4 20. Rd3 gxh3 21. gxh3 Bg3 22. Rxg3 Qxg3 23. Bg4 Nxg4 24. Qxg4 Qxh3+ 25. Qxh3 Rxh3 26. Kg2 Rh5 27. Re1 0-0-0 28. Bc1 Nb6 29. c5 Nc4 30. Ne2 Rdh8 31. Bf4 Rh4 32. e5 g5 33. Bg3 Re4 34. a4 g4 35. Kf2 Nb2 36. Rg1 f6 37. exf6 Rf8 38. Bh4 g3+ 39. Bxg3 Rxf6+ 40. Ke1 Rfe6 41. Rg2 Rxd4 42. Bd6 Rde4 43. Kd2 Rxe2+ 44. Rxe2 Rxe2+ 45. Kxe2 Nxa4 46. Kd3 b6 47. cxb6 axb6 48. Kc4 Kd7 49. Bf8 b5+ 50. Kb4 Ke6 51. Ka5 Kd5 52. Kb4 Nb2 53. Kc3 Nc4 54. Kb4 Nd6 55. Kb3 c5 56. Be7 Nf5 57. Bf6 Nd4+ 58. Kb2 b4 59. Be7 Kc4 60. Bf8 Nb5 61. Be7 Nc7 62. Bf8 Nd5 63. Bg7 Nb6 64. Bh8 Na4+ 65. Ka2 b3+ 66. Ka3 b2 67. Ka2 Kd3 68. Kb1 c4 0-1

[Event "EST-chT"]
[Site "Tallinn"]
[Date "1998.??.??"]
[Round "3"]
[White "Fomina, Tatyana"]
[Black "Ranniku, Maaja"]
[Result "1/2-1/2"]
[WhiteElo "2240"]
[BlackElo "2130"]
[PlyCount "123"]
[EventDate "1998.??.??"]
[EventType "team"]
[EventRounds "10"]
[EventCountry "EST"]
[SourceTitle "EXT 1999"]
[Source "ChessBase"]
[SourceDate "1998.11.16"]
[SourceVersion "1"]
[SourceVersionDate "1998.11.16"]
[SourceQuality "1"]

1. e4 e5 2. Nf3 Nc6 3. Bb5 a6 4. Ba4 Nf6 5. d3 d6 6. c3 Be7 7. Nbd2 0-0 8. Nf1 b5 9. Bc2 d5 10. Qe2 d4 11. Bg5 h6 12. Bh4 Nh7 13. Bg3 Bg4 14. h3 Bxf3 15. Qxf3 Qd6 16. Nd2 dxc3 17. bxc3 Qc5 18. Nb1 b4 19. Qe3 Qa5 20. f4 bxc3 21. Qc1 Bc5 22. Bf2 Bxf2+ 23. Kxf2 exf4 24. Bb3 Qc5+ 25. Kf1 Ne5 26. Qxc3 Qxc3 27. Nxc3 Nxd3 28. Nd5 Ra7 29. Ke2 Nc5 30. Rhc1 Ne6 31. Rc4 c6 32. Nb4 c5 33. Nd3 Re8 34. Kf1 g5 35. Nxc5 Nxc5 36. Rxc5 Rxe4 37. Rd1 Kg7 38. Rd6 Rae7 39. Rcc6 g4 40. hxg4 Re1+ 41. Kf2 R7e2+ 42. Kf3 Ng5+ 43. Kxf4 Rf2+ 44. Kg3 Ne4+ 45. Kh2 Ree2 46. Rd3 Rxg2+ 47. Kh1 Rxg4 48. Rf3 Ng5 49. Rf5 Re3 50. Rc2 Kg6 51. Ra5 Nf3 52. Rc6+ Kg7 53. Rc1 Ne1 54. Rh5 Nd3 55. Rf1 f6 56. Rh2 a5 57. Bc2 Ne5 58. Bf5 Rg5 59. Rb2 Nf7 60. Rb7 h5 61. Rf2 Kf8 62. Kh2 1/2-1/2

[Event "EST-ch (Women)"]
[Site "Tallinn"]
[Date "1997.??.??"]
[Round "4"]
[White "Ranniku, Maaja"]
[Black "Golubenko, Anastasia"]
[Result "1-0"]
[WhiteElo "2155"]
[BlackElo "2065"]
[PlyCount "75"]
[EventDate "1997.??.??"]
[EventType "tourn"]
[EventRounds "11"]
[EventCountry "EST"]
[SourceTitle "EXT 2000"]
[Source "ChessBase"]
[SourceDate "1999.11.16"]
[SourceVersion "1"]
[SourceVersionDate "1999.11.16"]
[SourceQuality "1"]

1. Nf3 d5 2. c4 d4 3. e3 c5 4. exd4 cxd4 5. d3 Nc6 6. Be2 Nf6 7. 0-0 e6 8. a3 a5 9. b3 Be7 10. Bb2 0-0 11. Nbd2 b6 12. Ne1 Bb7 13. Bf3 Ra7 14. Nc2 e5 15. Re1 Nd7 16. Bd5 Qc7 17. Qe2 Nf6 18. Bf3 Bd6 19. Nf1 Nd8 20. b4 Ne6 21. Bxb7 Qxb7 22. f3 Rfa8 23. b5 Nc5 24. Ng3 Qd7 25. Bc1 h6 26. Bd2 Rf8 27. Rf1 Qe6 28. Rae1 Re7 29. Bc1 Nfd7 30. Ne4 Nxe4 31. fxe4 Nc5 32. Rf3 Qg4 33. Bxh6 Re6 34. Bc1 Rg6 35. h3 Qh4 36. Ref1 Be7 37. Bd2 Rg3 38. Be1 1-0

[Event "EST-ch (Women)"]
[Site "Tallinn"]
[Date "1997.??.??"]
[Round "7"]
[White "Ranniku, Maaja"]
[Black "Piarnpuu, Leili"]
[Result "1/2-1/2"]
[WhiteElo "2155"]
[BlackElo "2240"]
[PlyCount "117"]
[EventDate "1997.??.??"]
[EventType "tourn"]
[EventRounds "11"]
[EventCountry "EST"]
[SourceTitle "EXT 2000"]
[Source "ChessBase"]
[SourceDate "1999.11.16"]
[SourceVersion "1"]
[SourceVersionDate "1999.11.16"]
[SourceQuality "1"]

1. e4 c5 2. c3 b6 3. d4 Bb7 4. Nd2 cxd4 5. cxd4 Nf6 6. Bd3 Nc6 7. Ngf3 g6 8. a3 Rc8 9. b4 Bg7 10. Bb2 0-0 11. 0-0 d5 12. e5 Nh5 13. g3 f6 14. Re1 fxe5 15. dxe5 e6 16. b5 Na5 17. Nd4 Qe8 18. f4 Rf7 19. N2f3 Nc4 20. Bc1 Bf8 21. Kg2 Bc5 22. Ra2 Ng7 23. g4 Qf8 24. Kg3 Bxa3 25. Bxa3 Nxa3 26. Qb3 Nc4 27. Rxa7 Na5 28. Qd1 Rxf4 29. Qd2 Rf7 30. Ng5 Re7 31. Rf1 Qd8 32. Nxh7 Kxh7 33. Qg5 Nf5+ 34. gxf5 gxf5 35. Rf4 Kh8 36. Nxe6 Qg8 37. Rh4+ Rh7 38. Rxh7+ Kxh7 39. Bxf5+ Kh8 40. Qxg8+ Kxg8 41. Kf4 Rb8 42. h4 Nb3 43. h5 Nc5 44. Ng5 Kg7 45. e6 Kf6 46. h6 d4 47. Nh7+ Ke7 48. Ke5 d3 49. Nf6 d2 50. Nd5+ Kf8 51. e7+ Kf7 52. Bg4 Kg6 53. Nc7 Nd7+ 54. Kd6 Nf6 55. Bd1 Kxh6 56. e8Q Nxe8+ 57. Nxe8 Be4 58. Nf6 Bd3 59. Rc7 1/2-1/2

[Event "EST-ch (Women)"]
[Site "Tallinn"]
[Date "1996.??.??"]
[Round "3"]
[White "Ranniku, Maaja"]
[Black "Abishova, Anna"]
[Result "1-0"]
[WhiteElo "2170"]
[BlackElo "2040"]
[PlyCount "53"]
[EventDate "1996.??.??"]
[EventType "tourn"]
[EventRounds "9"]
[EventCountry "EST"]
[SourceTitle "EXT 1998"]
[Source "ChessBase"]
[SourceDate "1997.11.17"]
[SourceVersion "1"]
[SourceVersionDate "1997.11.17"]
[SourceQuality "1"]

1. d4 Nf6 2. Nc3 d5 3. Bg5 Bf5 4. f3 Nbd7 5. Nxd5 Nxd5 6. e4 h6 7. Bc1 e5 8. exf5 Qh4+ 9. g3 Qxd4 10. Qxd4 exd4 11. Bc4 N7b6 12. Bd3 Bb4+ 13. Kf2 0-0-0 14. a3 Be7 15. Ne2 Bf6 16. Bd2 Rhe8 17. Rae1 a6 18. h4 Na4 19. Bc1 b5 20. g4 Ne3 21. Ng3 Nc5 22. b4 Nxd3+ 23. cxd3 Kb7 24. Bxe3 dxe3+ 25. Ke2 Bb2 26. Rb1 Bxa3 27. Rb3 1-0

[Event "Olympiad Women-30"]
[Site "Manila"]
[Date "1992.06.11"]
[Round "4"]
[White "Ranniku, Maaja"]
[Black "Jiretorn, Eva"]
[Result "1-0"]
[WhiteElo "2195"]
[BlackElo "2025"]
[PlyCount "121"]
[EventDate "1992.06.07"]
[EventType "team-swiss"]
[EventRounds "14"]
[EventCountry "PHI"]
[SourceTitle "EXT 2019"]
[Source "ChessBase"]
[SourceDate "2018.10.10"]
[SourceVersion "1"]
[SourceVersionDate "2018.10.10"]
[SourceQuality "1"]
[WhiteTeam "Estonia (W)"]
[BlackTeam "Sweden (W)"]
[WhiteTeamCountry "EST"]
[BlackTeamCountry "SWE"]

1. d4 Nf6 2. Nc3 d5 3. Bg5 e6 4. e4 dxe4 5. Nxe4 Be7 6. Bxf6 Bxf6 7. Nf3 Nd7 8. c3 0-0 9. Bd3 b6 10. Qe2 Bb7 11. 0-0 Qe7 12. Rad1 Rfe8 13. Bb5 Red8 14. Rfe1 Rac8 15. Ba6 Bxa6 16. Qxa6 Ra8 17. Qb7 Rdc8 18. Qc6 Nf8 19. d5 Rd8 20. Nxf6+ gxf6 21. dxe6 fxe6 22. Nd4 Rac8 23. h3 Rd6 24. Qf3 Qf7 25. Rd3 Rcd8 26. Rde3 Kh8 27. b4 c5 28. bxc5 bxc5 29. Nb3 Rd5 30. c4 Rg5 31. h4 Rf5 32. Qh3 Qg6 33. Re4 Rd7 34. Rg4 Qh5 35. Qg3 Qf7 36. Qb8 Re7 37. Rge4 a5 38. Nxa5 Ra7 39. Qb6 Qc7 40. Qxc7 Rxc7 41. Nb3 e5 42. Rd1 Ne6 43. Rd6 Nd4 44. Rg4 h6 45. Rg6 Nxb3 46. axb3 Rb7 47. Rxh6+ Kg7 48. g4 Rf4 49. g5 fxg5 50. Rdg6+ Kf7 51. hxg5 Rxb3 52. Rf6+ Rxf6 53. Rxf6+ Kg7 54. Rc6 Rb1+ 55. Kg2 Re1 56. f3 Re3 57. Kf2 Rc3 58. Rxc5 Kg6 59. Rxe5 Rxc4 60. Kg3 Rc1 61. Kg4 1-0

[Event "Melitopol Cup (Women)"]
[Site "Melitopol"]
[Date "1992.??.??"]
[Round "1"]
[White "Litynska, Marta"]
[Black "Ranniku, Maaja"]
[Result "1-0"]
[WhiteElo "2330"]
[BlackElo "2240"]
[PlyCount "119"]
[EventDate "1992.??.??"]
[EventType "swiss"]
[EventRounds "9"]
[EventCountry "RUS"]
[SourceTitle "EXT 1997"]
[Source "ChessBase"]
[SourceDate "1996.11.15"]
[SourceVersion "1"]
[SourceVersionDate "1996.11.15"]
[SourceQuality "1"]

1. d4 e6 2. c4 f5 3. Nf3 Nf6 4. Nc3 Bb4 5. Qb3 a5 6. a3 Bxc3+ 7. Qxc3 a4 8. g3 b6 9. Bg2 Bb7 10. 0-0 0-0 11. Be3 Be4 12. Rad1 Qe8 13. d5 Na6 14. dxe6 dxe6 15. Bd4 Qh5 16. Rfe1 Rae8 17. Ne5 Bxg2 18. Kxg2 Nc5 19. Bxc5 Ne4 20. Qc2 Nxc5 21. Nd7 f4 22. Nxf8 Rxf8 23. f3 Qg5 24. Qc3 h5 25. Qd4 Kh7 26. Rg1 e5 27. Qc3 fxg3 28. hxg3 h4 29. g4 e4 30. Rd5 exf3+ 31. Qxf3 Rxf3 32. Rxg5 Rb3 33. Rh1 Rxb2 34. Rxh4+ Kg8 35. Re5 Kf7 36. Rh3 Kg6 37. Re7 Rd2 38. Rhe3 c6 39. Rc7 Rd6 40. Ree7 Kg5 41. Rxg7+ Kf6 42. Kf3 Nb3 43. e4 Ke5 44. Rce7+ Kd4 45. Rd7 Rxd7 46. Rxd7+ Kxc4 47. e5 Nc5 48. Rd6 b5 49. e6 Nxe6 50. Rxe6 c5 51. Re3 b4 52. Ke2 bxa3 53. Kd2 a2 54. Ra3 Kb4 55. Rxa2 Kb3 56. Ra1 a3 57. Rb1+ Ka4 58. Kc2 a2 59. Ra1 Ka3 60. Kc3 1-0

[Event "Stockholm"]
[Site "Stockholm"]
[Date "1991.??.??"]
[Round "?"]
[White "Hultin, Johan"]
[Black "Ranniku, Maaja"]
[Result "1-0"]
[WhiteElo "2235"]
[BlackElo "2215"]
[PlyCount "83"]
[EventDate "1991.??.??"]
[EventType "tourn"]
[EventRounds "9"]
[EventCountry "SWE"]
[SourceTitle "EXT 1997"]
[Source "ChessBase"]
[SourceDate "1996.11.15"]
[SourceVersion "1"]
[SourceVersionDate "1996.11.15"]
[SourceQuality "1"]

1. d4 e6 2. Nf3 f5 3. g3 Nf6 4. Bg2 Be7 5. 0-0 0-0 6. c4 c6 7. b3 a5 8. Qc2 Na6 9. Nbd2 d5 10. Ne5 Bd7 11. Ndf3 Be8 12. Qb2 Ne4 13. a3 Bh5 14. Ne1 c5 15. cxd5 exd5 16. N1d3 Rc8 17. Nf4 Bf7 18. f3 Nf6 19. Be3 Qb6 20. Nxf7 Rxf7 21. Rac1 c4 22. Qa2 c3 23. Rc2 Bf8 24. Nd3 Rfc7 25. Rfc1 h6 26. Kh1 g5 27. Bf2 Kh7 28. Bf1 Qa7 29. Qa1 Qb6 30. Rxc3 Rxc3 31. Rxc3 Rxc3 32. Qxc3 Bxa3 33. Qc8 Bd6 34. Qxf5+ Kg7 35. h4 gxh4 36. gxh4 Qc6 37. Be3 Ng8 38. Bh3 Ne7 39. Qg4+ Kh7 40. Qh5 Ba3 41. Qf7+ Kh8 42. Be6 1-0

[Event "URS-chT Republics (Women) 2nd Group2"]
[Site "Azov"]
[Date "1991.??.??"]
[Round "5"]
[White "Ranniku, Maaja"]
[Black "Aslanian, Ludmila K"]
[Result "1/2-1/2"]
[WhiteElo "2200"]
[BlackElo "2165"]
[PlyCount "48"]
[EventDate "1991.??.??"]
[EventType "team-tourn"]
[EventRounds "6"]
[EventCountry "URS"]
[SourceTitle "EXT 2020"]
[Source "ChessBase"]
[SourceDate "2019.10.17"]
[SourceVersion "1"]
[SourceVersionDate "2019.10.17"]
[SourceQuality "1"]
[WhiteTeam "Estonia (W)"]
[BlackTeam "Armenia (W)"]
[WhiteTeamCountry "EST"]
[BlackTeamCountry "ARM"]

1. d4 Nf6 2. Nc3 d5 3. Bg5 c6 4. Nf3 g6 5. e3 Bg7 6. h3 Qb6 7. Rb1 h6 8. Bf4 0-0 9. Be2 a5 10. 0-0 Nbd7 11. Re1 Re8 12. Ne5 Nxe5 13. Bxe5 Nd7 14. Bxg7 Kxg7 15. f4 Nf6 16. Bf3 Qc7 17. Na4 b6 18. Rc1 Bd7 19. b3 Rac8 20. Nb2 Bf5 21. c4 Qb8 22. Nd3 Bxd3 23. Qxd3 e6 24. cxd5 cxd5 1/2-1/2

[Event "URS-chT Republics (Women) 2nd Group2"]
[Site "Azov"]
[Date "1991.??.??"]
[Round "4"]
[White "Rubzova, Tatiana"]
[Black "Ranniku, Maaja"]
[Result "0-1"]
[WhiteElo "2240"]
[BlackElo "2200"]
[PlyCount "156"]
[EventDate "1991.??.??"]
[EventType "team-tourn"]
[EventRounds "6"]
[EventCountry "URS"]
[SourceTitle "EXT 2020"]
[Source "ChessBase"]
[SourceDate "2019.10.17"]
[SourceVersion "1"]
[SourceVersionDate "2019.10.17"]
[SourceQuality "1"]
[WhiteTeam "Russia (W)"]
[BlackTeam "Estonia (W)"]
[WhiteTeamCountry "RUS"]
[BlackTeamCountry "EST"]

1. g3 e5 2. c4 Nc6 3. Bg2 g6 4. Nc3 Bg7 5. e3 d6 6. Nge2 Be6 7. Nd5 Qd7 8. d3 h5 9. Qa4 Nh6 10. Bd2 0-0 11. 0-0 f5 12. Nb4 Nd4 13. Qd1 Nxe2+ 14. Qxe2 c6 15. d4 e4 16. Rac1 Rae8 17. Bc3 Qf7 18. b3 Ng4 19. Rfd1 Bd7 20. Nc2 g5 21. Bd2 Qg6 22. b4 h4 23. Bh3 Nf6 24. Kh1 g4 25. Bf1 Nh7 26. Ne1 Ng5 27. Bc3 d5 28. cxd5 cxd5 29. b5 Ne6 30. Ng2 hxg3 31. fxg3 Bh6 32. Bb4 Rf7 33. Qf2 Bg5 34. Rc2 Rh7 35. Rdc1 Qh6 36. Nf4 Bxf4 37. exf4 Kf7 38. Rd1 Reh8 39. Bd6 Nxd4 40. Qxd4 Qxd6 41. Qxd5+ Qxd5 42. Rxd5 Be6 43. Rdd2 Re8 44. Kg1 Rhh8 45. Rc7+ Re7 46. Rdc2 Rd8 47. h3 gxh3 48. Bxh3 Rd3 49. Kh2 e3 50. Rxe7+ Kxe7 51. Kg1 Rd2 52. Rc1 Rxa2 53. Re1 Ra3 54. Bg2 b6 55. Bc6 Kd6 56. Rc1 Rd3 57. Kf1 e2+ 58. Kxe2 Rxg3 59. Ra1 Bc4+ 60. Kf2 Rg7 61. Re1 a5 62. Re5 Be6 63. Re3 a4 64. Ra3 Ra7 65. Ke3 Kc5 66. Kd3 Bc4+ 67. Kc3 Bxb5 68. Bxb5 Kxb5 69. Ra2 Rc7+ 70. Kd4 Rc4+ 71. Ke5 Rc5+ 72. Kd4 Ka5 73. Ra1 Rb5 74. Ra2 Rb1 75. Ke5 b5 76. Kxf5 b4 77. Ke6 b3 78. Rf2 b2 0-1

[Event "Moscow (Women)"]
[Site "Moscow"]
[Date "1990.??.??"]
[Round "?"]
[White "Andreieva, Olga Alekseevna"]
[Black "Ranniku, Maaja"]
[Result "0-1"]
[WhiteElo "2280"]
[BlackElo "2200"]
[PlyCount "82"]
[EventDate "1990.??.??"]
[EventType "swiss"]
[EventRounds "9"]
[EventCountry "URS"]
[SourceTitle "TD"]
[Source "ChessBase"]
[SourceDate "1994.03.01"]
[SourceVersion "1"]
[SourceVersionDate "1994.03.01"]
[SourceQuality "1"]

1. e4 e6 2. d4 d5 3. e5 b6 4. f4 Ne7 5. Nf3 a5 6. c3 Ba6 7. Bd3 c5 8. Na3 Bxd3 9. Qxd3 Nf5 10. g4 Nh4 11. 0-0 c4 12. Qe2 Bxa3 13. bxa3 h5 14. h3 hxg4 15. hxg4 Nxf3+ 16. Qxf3 Qh4 17. Rf2 g6 18. Rb1 Nd7 19. a4 0-0-0 20. Ba3 Rh7 21. Rbb2 Rdh8 22. Kf1 Qh1+ 23. Qxh1 Rxh1+ 24. Ke2 Rg1 25. g5 Rh3 26. Rc2 Kb7 27. Bc1 Nb8 28. Bd2 Na6 29. Rf1 Rxf1 30. Kxf1 Nc7 31. Ke2 Ne8 32. Rc1 Ng7 33. Rf1 Nf5 34. Kd1 Ng3 35. Rf3 Rh1+ 36. Be1 Ne4 37. Ke2 Kc6 38. Bg3 Ra1 39. Be1 Rxa2+ 40. Kd1 Rh2 41. Bg3 Rh3 0-1

[Event "Moscow (Women)"]
[Site "Moscow"]
[Date "1990.??.??"]
[Round "?"]
[White "Kalevic, Sanja"]
[Black "Ranniku, Maaja"]
[Result "0-1"]
[WhiteElo "2160"]
[BlackElo "2200"]
[PlyCount "125"]
[EventDate "1990.??.??"]
[EventType "swiss"]
[EventRounds "9"]
[EventCountry "URS"]
[SourceTitle "TD"]
[Source "ChessBase"]
[SourceDate "1994.03.01"]
[SourceVersion "1"]
[SourceVersionDate "1994.03.01"]
[SourceQuality "1"]

1. e4 e6 2. d4 d5 3. e5 b6 4. c3 a5 5. a4 Ne7 6. f4 Ba6 7. Bxa6 Nxa6 8. Nd2 Nf5 9. Ndf3 h5 10. Ne2 Be7 11. 0-0 c5 12. Ng3 Nxg3 13. hxg3 g6 14. Bd2 Qd7 15. Qe2 Nc7 16. Rfb1 Kf8 17. Qd1 Kg7 18. b4 axb4 19. cxb4 c4 20. a5 b5 21. Bc3 Na6 22. Ra2 Rag8 23. Rf2 Qd8 24. Qd2 Kf8 25. Rbf1 Ke8 26. Ng5 Rg7 27. Rf3 Kd7 28. R3f2 Kc6 29. Rb1 Kb7 30. Ra1 Qf8 31. Rb1 Qe8 32. Ra1 Qc6 33. Raf1 Nb8 34. Qe2 Ka6 35. Nf3 Qd7 36. Ne1 Nc6 37. Nc2 Rgh7 38. Rf3 Bf8 39. Kf2 Ne7 40. Ne3 Ng8 41. g4 hxg4 42. Nxg4 Be7 43. Ke1 Qd8 44. Kd1 Qf8 45. Qe1 Rh4 46. Ne3 Nh6 47. g3 Rh2 48. R1f2 Nf5 49. Ng4 R2h3 50. Rf1 Qb8 51. Rg1 Qf8 52. Nf2 Rh2 53. g4 Nh4 54. Rfg3 g5 55. fxg5 Bxg5 56. Bd2 Be7 57. Kc2 Qg7 58. g5 Qg6+ 59. Kb2 Qf5 60. Ng4 Nf3 61. Rxf3 Qxf3 62. Nf2 Rxf2 63. Qc1 0-1

[Event "Tallinn (Women)"]
[Site "Tallinn"]
[Date "1986.??.??"]
[Round "12"]
[White "Khadilkar, Rohini"]
[Black "Ranniku, Maaja"]
[Result "0-1"]
[WhiteElo "2115"]
[BlackElo "2125"]
[PlyCount "80"]
[EventDate "1986.??.??"]
[EventType "tourn"]
[EventRounds "15"]
[EventCountry "URS"]
[SourceTitle "EXT 1997"]
[Source "ChessBase"]
[SourceDate "1996.11.15"]
[SourceVersion "1"]
[SourceVersionDate "1996.11.15"]
[SourceQuality "1"]

1. e4 e6 2. d4 d5 3. Nd2 b6 4. Ngf3 Nf6 5. Bd3 Bb7 6. e5 Nfd7 7. Qe2 a5 8. Nf1 c5 9. c3 Ba6 10. Bxa6 Nxa6 11. Bg5 Qc7 12. h4 h6 13. Bf4 c4 14. Rh3 b5 15. Ne3 Qc6 16. h5 0-0-0 17. Nh4 Be7 18. Bg3 Rdg8 19. f4 g5 20. hxg6 fxg6 21. Qc2 Nf8 22. Nf3 g5 23. fxg5 hxg5 24. Ng4 Rxh3 25. gxh3 Rh8 26. Qg2 Qe8 27. 0-0-0 Qg6 28. Rf1 b4 29. Ne1 Nd7 30. Ne3 Nc7 31. N1c2 Qh6 32. Rf7 Kd8 33. cxb4 axb4 34. Be1 g4 35. Bd2 gxh3 36. Qh2 Bg5 37. Rf3 Qh5 38. Rf1 Nb5 39. Kb1 b3 40. axb3 cxb3 0-1